The Arabic language across the ages /

محفوظ في:

مؤلفون آخرون: Monferrer Sala, Juan Pedro., Jallad, Nader Al.

التنسيق: كتاب

اللغة: English

منشور في: Wiesbaden : Reichert, 2010.

الموضوعات:

الوسوم: إضافة وسم

لا توجد وسوم, كن أول من يضع وسما على هذه التسجيلة!

رقم الطلب: PJ6075 .A73 2010

LEADER 01051nam a22002897a 4500
003 OSt
005 20251110091752.0
008 251110t2010 gw ab b 100 0 eng d
010 |a  2010678219 
020 |a 9783895007651 
020 |a 389500765X 
040 |c ARCE Library 
050 1 4 |a PJ6075  |b .A73 2010 
245 0 4 |a The Arabic language across the ages /   |c edited by Juan Pedro Monferrer-Sala and Nader Al Jallad. 
264 1 |a Wiesbaden :   |b Reichert,   |c 2010. 
300 |a 182 pages :  |b illustrations, color maps ;  |c 25 cm 
500 |a Papers of a conference held November 28, 2008 at the University of Cordoba. 
504 |a Includes bibliographical references. 
650 0 |a Arabic language  |x History  |v Congresses. 
650 0 |a Arabic language  |x Dialects History  |v Congresses. 
650 0 |a Language and languages  |x Foreign words and phrases  |v Congresses. 
650 0 |a Linguistic change  |x History  |v Congresses. 
700 1 |a Monferrer Sala, Juan Pedro. 
700 1 |a Jallad, Nader Al. 
901 |a reviewed 
942 |2 lcc  |c BK 
999 |c 56669  |d 56669